Harry Potter A-Z #2 - Statistics

General Stats
  • This quiz has been taken 19 times
  • The average score is 21 of 26
Answer Stats
Letter Hint Answer % Correct
D Voldemort's supporters Death Eaters
100%
G Hermione's last name Granger
100%
J Harry's middle name James
100%
N Platform ____ & 3/4 9
94%
C Second eldest Weasley brother Charlie
94%
L Draco's father Lucius Malfoy
94%
M What wizards call non-wizarding people Muggle
94%
P The first book: Harry Potter and the ________ ______ Philosopher’s Stone
94%
F Beauxbaton's champion Fleur Delacour
89%
H Village where Hogwarts students spend their weekends Hogsmeade
89%
W What wizards use Wand
89%
R Author Rowling, J.K.
83%
X Luna's dad Xenophilius
83%
A Albus Dumbledore's brother Aberforth
78%
I The unforgivable curse Imperio
78%
T The Heir of Slytherin Tom Riddle
78%
K The bus that Harry Potter rode in his third year Knight Bus
72%
O How wizards communicate Owl
72%
V Crabbe's first name Vincent
72%
Q Football-sized Quidditch ball Quaffle
67%
S Peter Pettigrew's disguise Scabbers
67%
U Dudley's dad Uncle Vernon
67%
Z Joke shop in Hogsmeade Zonko's
67%
Y One of Voldermort's supporters Yaxley
56%
E Spell which causes a target to grow or shrink Engorgio
44%
B Person who gone missing Bertha Jorkins
33%
No matching quizzes found
Score Distribution
Percent of People with Each Score
Percentile by Number Answered
Your Score History
You have not taken this quiz